[Event "Berlin-ch Seniors op 26th"]
[White "Hirr, Rudi"]
[Black "Joch, Horst"]
[Site "Berlin"]
[Round "9"]
[Result "1/2-1/2"]
[Date "2010.02.17"]
[WhiteElo "1530"]
[BlackElo "1613"]
[PlyCount "67"]
[EventDate "2010.02.09"]
[EventType "swiss"]
[EventRounds "9"]
[EventCountry "GER"]
[SourceTitle "EXT 2012"]
[Source "ChessBase"]
[SourceDate "2011.11.24"]
[SourceVersion "1"]
[SourceVersionDate "2011.11.24"]
[SourceQuality "1"]

1. Nf3 d5 2. d4 e6 3. g3 b6 4. Bg2 Bb7 5. 0-0 Nf6 6. Re1 h6 7. c3 Nbd7 8. Nbd2 c5 9. b3 cxd4 10. cxd4 Bd6 11. Bb2 0-0 12. Ne5 Qb8 13. Nxd7 Nxd7 14. e4 dxe4 15. Nxe4 Bb4 16. Re2 Bd5 17. Rc1 Rc8 18. Rxc8+ Qxc8 19. Rc2 Qb7 20. f3 Rc8 21. Rxc8+ Qxc8 22. a3 Be7 23. Nc3 Nf6 24. Nxd5 Nxd5 25. Qd3 Qd7 26. f4 f5 27. Bxd5 Qxd5 28. Qe3 Bf6 29. h4 Kf7 30. Kh2 h5 31. Kg1 b5 32. Qd3 Be7 33. Kf2 a6 34. Qf3 1/2-1/2

[Event "Berlin-ch Seniors op 26th"]
[White "Joch, Horst"]
[Black "Scholz, Werner"]
[Site "Berlin"]
[Round "8"]
[Result "1/2-1/2"]
[Date "2010.02.16"]
[WhiteElo "1613"]
[BlackElo "1483"]
[PlyCount "58"]
[EventDate "2010.02.09"]
[EventType "swiss"]
[EventRounds "9"]
[EventCountry "GER"]
[SourceTitle "EXT 2012"]
[Source "ChessBase"]
[SourceDate "2011.11.24"]
[SourceVersion "1"]
[SourceVersionDate "2011.11.24"]
[SourceQuality "1"]

1. e4 c5 2. Nf3 e6 3. g3 b6 4. Bg2 Bb7 5. d3 g6 6. 0-0 Bg7 7. c3 Ne7 8. Nbd2 d5 9. Re1 dxe4 10. Nxe4 0-0 11. Bg5 Nbc6 12. Qd2 f5 13. Bxe7 Qxe7 14. Neg5 e5 15. h4 h6 16. Nh3 Rad8 17. Qc2 Rd6 18. Re2 Rfd8 19. Ne1 Qd7 20. f4 Re8 21. Kf1 Rde6 22. Nf3 Qe7 23. Ne1 Nd8 24. Bxb7 Qxb7 25. Qb3 Nf7 26. Ng1 Qd7 27. Rd1 Qd6 28. Nh3 exf4 29. Rxe6 Rxe6 1/2-1/2

[Event "Berlin-ch Seniors op 26th"]
[White "Joch, Horst"]
[Black "Bauer, Stefan"]
[Site "Berlin"]
[Round "6"]
[Result "1-0"]
[Date "2010.02.14"]
[WhiteElo "1613"]
[BlackElo "1488"]
[PlyCount "91"]
[EventDate "2010.02.09"]
[EventType "swiss"]
[EventRounds "9"]
[EventCountry "GER"]
[SourceTitle "EXT 2012"]
[Source "ChessBase"]
[SourceDate "2011.11.24"]
[SourceVersion "1"]
[SourceVersionDate "2011.11.24"]
[SourceQuality "1"]

1. e4 c5 2. Nf3 d6 3. Nc3 a6 4. g3 Nc6 5. Bg2 Bg4 6. Ne2 Nf6 7. d3 e5 8. 0-0 Be7 9. b3 Qd7 10. Bb2 h6 11. Nd2 Bh3 12. f4 Bxg2 13. Kxg2 h5 14. Nc4 Qd8 15. fxe5 Ng4 16. exd6 Bxd6 17. Nxd6+ Qxd6 18. Qd2 f6 19. h3 Nge5 20. Rad1 0-0-0 21. Nf4 g5 22. Nd5 Rdf8 23. Rf2 Rhg8 24. Rdf1 g4 25. Rxf6 gxh3+ 26. Kxh3 Qd7+ 27. Kg2 Rxg3+ 28. Kxg3 Qg4+ 29. Kf2 Rxf6+ 30. Nxf6 Qh4+ 31. Ke2 Qh2+ 32. Kd1 Qh3 33. Qf2 Nxd3 34. Qf5+ Qxf5 35. Rxf5 Nxb2+ 36. Kc1 Na4 37. bxa4 b6 38. Rxh5 Nd4 39. c3 Ne2+ 40. Kd2 Nf4 41. Rh7 Ng6 42. Nd5 b5 43. Ne7+ Nxe7 44. Rxe7 c4 45. Ra7 bxa4 46. a3 1-0

[Event "Berlin-ch Seniors op 26th"]
[White "Joch, Horst"]
[Black "Hoffmann, Peter1"]
[Site "Berlin"]
[Round "5"]
[Result "0-1"]
[Date "2010.02.13"]
[WhiteElo "1613"]
[BlackElo "1917"]
[PlyCount "70"]
[EventDate "2010.02.09"]
[EventType "swiss"]
[EventRounds "9"]
[EventCountry "GER"]
[SourceTitle "EXT 2012"]
[Source "ChessBase"]
[SourceDate "2011.11.24"]
[SourceVersion "1"]
[SourceVersionDate "2011.11.24"]
[SourceQuality "1"]

1. e4 c5 2. Nf3 e6 3. g3 Nc6 4. c3 d5 5. exd5 exd5 6. Qe2+ Be7 7. Bg2 Nf6 8. 0-0 0-0 9. d3 Re8 10. Qc2 d4 11. c4 Bf5 12. a3 Qd7 13. Nh4 Bh3 14. f3 Bxg2 15. Nxg2 Bd6 16. Nd2 Re2 17. Qd1 Re7 18. Ne4 Nxe4 19. fxe4 Rf8 20. Bf4 f6 21. Bxd6 Qxd6 22. Nf4 Ne5 23. Nd5 Ref7 24. Kg2 Qd7 25. h3 b5 26. b3 a5 27. Qe2 a4 28. Rab1 axb3 29. Rxb3 bxc4 30. dxc4 Qa4 31. Rb5 Qxa3 32. Rfb1 Ra7 33. R1b3 Qa2 34. Kf1 d3 35. Qf2 Qc2 0-1

[Event "Berlin-ch Seniors op 25th"]
[White "Joch, Horst"]
[Black "Kujawa, Werner"]
[Site "Berlin"]
[Round "8"]
[Result "1/2-1/2"]
[Date "2009.02.19"]
[WhiteElo "1653"]
[BlackElo "1891"]
[PlyCount "42"]
[EventDate "2009.02.12"]
[EventType "swiss"]
[EventRounds "9"]
[EventCountry "GER"]
[SourceTitle "EXT 2022"]
[Source "ChessBase"]
[SourceDate "2021.10.06"]
[SourceVersion "1"]
[SourceVersionDate "2021.10.06"]
[SourceQuality "1"]

1. e4 c5 2. Nf3 d6 3. d4 cxd4 4. Nxd4 Nf6 5. Nc3 a6 6. Be3 e5 7. Nf3 Be7 8. h3 Qc7 9. Bd3 b5 10. a3 Bb7 11. 0-0 0-0 12. Nd2 Nbd7 13. Qe2 Nc5 14. Rac1 Rac8 15. b4 Ncd7 16. Ncb1 d5 17. exd5 Nxd5 18. c4 Nxe3 19. Qxe3 bxc4 20. Bxc4 Qb6 21. Qxb6 Nxb6 1/2-1/2

[Event "Berlin-ch Seniors op 25th"]
[White "Kohlmeyer, Dagobert"]
[Black "Joch, Horst"]
[Site "Berlin"]
[Round "6"]
[Result "1-0"]
[Date "2009.02.17"]
[WhiteElo "1940"]
[BlackElo "1653"]
[PlyCount "241"]
[EventDate "2009.02.12"]
[EventType "swiss"]
[EventRounds "9"]
[EventCountry "GER"]
[SourceTitle "EXT 2022"]
[Source "ChessBase"]
[SourceDate "2021.10.06"]
[SourceVersion "1"]
[SourceVersionDate "2021.10.06"]
[SourceQuality "1"]

1. e4 e6 2. d4 d5 3. Nc3 Bb4 4. e5 c5 5. a3 Bxc3+ 6. bxc3 Qc7 7. Nf3 Nd7 8. a4 a5 9. Bb5 b6 10. 0-0 Ba6 11. Rb1 Bxb5 12. Rxb5 Ne7 13. Be3 c4 14. Ng5 h6 15. Qh5 g6 16. Qh3 Qc6 17. Ra1 Nf5 18. Bc1 Qc8 19. Ba3 Qd8 20. Nf3 h5 21. Bc1 Qe7 22. g4 Ng7 23. Ba3 Qd8 24. Rab1 Rg8 25. g5 Nf5 26. Qg2 Qc8 27. h4 Qc7 28. Kh2 Qc8 29. Kh3 Qc7 30. Ng1 Ra6 31. Ne2 Qc6 32. Ng3 Ne7 33. Bxe7 Kxe7 34. Ne2 Qc8 35. Nf4 Qc7 36. Rxd5 Qc6 37. Rdb5 Qxg2+ 38. Nxg2 Rc8 39. Ne3 Rc6 40. f4 Kf8 41. d5 Rc5 42. dxe6 fxe6 43. Rd1 Ra7 44. Rbb1 Rc6 45. Rd4 Rac7 46. Rbd1 Ke7 47. Rd6 Nc5 48. Ra1 Ne4 49. Rxc6 Rxc6 50. Nd1 Kd7 51. Kg2 Kc7 52. Kf3 Nc5 53. Ne3 Nd7 54. Ke4 Rc5 55. Kd4 Kc6 56. Rb1 b5 57. axb5+ Rxb5 58. Ra1 Nb6 59. f5 exf5 60. Nxf5 Rd5+ 61. Ke4 gxf5+ 62. Kxf5 Nd7 63. Re1 a4 64. g6 Rd2 65. e6 Rd5+ 66. Kf4 Nf6 67. e7 Ne8 68. Re4 Rc5 69. Rd4 Ng7 70. Rd1 a3 71. Ra1 Ra5 72. Ke4 Kd7 73. Kd4 Kxe7 74. Kxc4 Ra4+ 75. Kb3 Rxh4 76. Rf1 Ne6 77. Rf7+ Ke8 78. Rh7 Kf8 79. Kxa3 Ng5 80. Rb7 Ne6 81. Ra7 Rg4 82. Rh7 Rg5 83. c4 Nf4 84. Rf7+ Kg8 85. Rxf4 Rxg6 86. Rh4 Rg5 87. Kb4 Kf7 88. c3 Ke6 89. Rd4 Rg8 90. Rh4 Rg5 91. Rh3 Kd6 92. Rh4 Kc6 93. Rf4 Rg6 94. Rf8 h4 95. Rh8 Rg4 96. Rh6+ Kc7 97. Kb5 Rg3 98. Rxh4 Rxc3 99. Kc5 Ra3 100. Rh7+ Kd8 101. Kd6 Ra6+ 102. Kd5 Ra1 103. c5 Ra5 104. Kd6 Ke8 105. c6 Ra1 106. Rh8+ Kf7 107. Rb8 Rd1+ 108. Kc7 Ke7 109. Rh8 Rc1 110. Rh7+ Ke8 111. Rd7 Rb1 112. Rd8+ Ke7 113. Rb8 Rc1 114. Rb6 Rd1 115. Kb7 Rc1 116. Kb8 Kd8 117. Kb7 Rc2 118. Rb3 Rc5 119. Rd3+ Ke8 120. c7 Rb5+ 121. Kc6 1-0

[Event "Berlin-ch Seniors op 25th"]
[White "Glatthor, Thomas"]
[Black "Joch, Horst"]
[Site "Berlin"]
[Round "1"]
[Result "1-0"]
[Date "2009.02.12"]
[WhiteElo "2000"]
[BlackElo "1653"]
[PlyCount "63"]
[EventDate "2009.02.12"]
[EventType "swiss"]
[EventRounds "9"]
[EventCountry "GER"]
[SourceTitle "EXT 2022"]
[Source "ChessBase"]
[SourceDate "2021.10.06"]
[SourceVersion "1"]
[SourceVersionDate "2021.10.06"]
[SourceQuality "1"]

1. e4 e6 2. d4 d5 3. Nd2 b6 4. Ngf3 Bb7 5. Bb5+ c6 6. Bd3 Ba6 7. Bxa6 Nxa6 8. c4 dxc4 9. Nxc4 b5 10. Nce5 Rc8 11. 0-0 f6 12. Nd3 c5 13. Nf4 Qd7 14. e5 f5 15. Ng5 g6 16. Ngxe6 cxd4 17. Qxd4 Qxd4 18. Nxd4 Bc5 19. Nxb5 Nc7 20. Nxc7+ Rxc7 21. Bd2 Rc6 22. Nd5 Ne7 23. Nf6+ Kf7 24. Bc3 h5 25. Rfd1 Rhc8 26. Rd7 R8c7 27. Rad1 Ke6 28. Kf1 Rxd7 29. Rxd7 Bb6 30. f4 Rc7 31. Rd6+ Kf7 32. e6+ 1-0

[Event "Brandenburg-ch Seniors 17th"]
[White "Joch, Horst"]
[Black "Scheide, Helmut"]
[Site "Rowy"]
[Round "6"]
[Result "0-1"]
[Date "2008.06.29"]
[WhiteElo "1652"]
[BlackElo "1859"]
[PlyCount "44"]
[EventDate "2008.06.23"]
[EventType "swiss"]
[EventRounds "9"]
[EventCountry "POL"]
[SourceTitle "EXT 2022"]
[Source "ChessBase"]
[SourceDate "2021.10.06"]
[SourceVersion "1"]
[SourceVersionDate "2021.10.06"]
[SourceQuality "1"]

1. e4 e5 2. Nf3 Nc6 3. Bc4 Nf6 4. Ng5 d5 5. exd5 Na5 6. Bb5+ c6 7. dxc6 bxc6 8. Be2 h6 9. Nf3 e4 10. Ng1 Bc5 11. c3 Qb6 12. d4 exd3 13. Qxd3 Bxf2+ 14. Kf1 Be6 15. Qf3 Bxg1 16. Rxg1 Ng4 17. Rh1 Nc4 18. Bxc4 Bxc4+ 19. Ke1 0-0 20. b3 Rad8 21. Nd2 Rfe8+ 22. Ne4 Rxe4+ 0-1

[Event "Brandenburg-ch Seniors 17th"]
[White "Gensch, Manfred"]
[Black "Joch, Horst"]
[Site "Rowy"]
[Round "3"]
[Result "1/2-1/2"]
[Date "2008.06.25"]
[WhiteElo "1733"]
[BlackElo "1652"]
[PlyCount "47"]
[EventDate "2008.06.23"]
[EventType "swiss"]
[EventRounds "9"]
[EventCountry "POL"]
[SourceTitle "EXT 2022"]
[Source "ChessBase"]
[SourceDate "2021.10.06"]
[SourceVersion "1"]
[SourceVersionDate "2021.10.06"]
[SourceQuality "1"]

1. e4 e6 2. d4 d5 3. Nd2 dxe4 4. Nxe4 Nf6 5. Nxf6+ Qxf6 6. Nf3 Qd8 7. Ne5 Nd7 8. f4 Nxe5 9. fxe5 Qh4+ 10. g3 Qe4+ 11. Kf2 Qf5+ 12. Kg1 Qg6 13. Bd3 f5 14. exf6 Qxf6 15. Kg2 Bd7 16. Be4 0-0-0 17. Rf1 Qe7 18. Qh5 Be8 19. Qf3 c6 20. c3 h6 21. b4 g5 22. a4 Bg7 23. Qe3 e5 24. d5 1/2-1/2

[Event "Berlin-ch Seniors op 21st"]
[White "Rollwitz, Inge"]
[Black "Joch, Horst"]
[Site "Berlin"]
[Round "5"]
[Result "1-0"]
[Date "2005.02.01"]
[WhiteElo "1400"]
[BlackElo "1530"]
[PlyCount "109"]
[EventDate "2005.01.28"]
[EventType "swiss"]
[EventRounds "9"]
[EventCountry "GER"]
[SourceTitle "EXT 2007"]
[Source "ChessBase"]
[SourceDate "2006.11.23"]
[SourceVersion "1"]
[SourceVersionDate "2006.11.23"]
[SourceQuality "1"]

1. c4 e6 2. Nc3 c6 3. d4 d5 4. Nf3 dxc4 5. e3 b5 6. a3 Bb7 7. Be2 Ne7 8. 0-0 Nd5 9. Qc2 Be7 10. b3 cxb3 11. Qxb3 Nxc3 12. Qxc3 0-0 13. Ne5 Bf6 14. Rd1 Qc8 15. Bb2 Nd7 16. Rac1 Bxe5 17. dxe5 Nb6 18. Ba1 Nd5 19. Qc5 Nb6 20. Bf3 Nd5 21. g3 Re8 22. e4 Ne7 23. Rd6 Rd8 24. Rcd1 Qc7 25. Be2 a6 26. Bb2 Kf8 27. Bc1 h6 28. Be3 Ke8 29. Qb6 Qxb6 30. Bxb6 Rxd6 31. exd6 Nd5 32. exd5 cxd5 33. Rc1 Rc8 34. Rxc8+ Bxc8 35. f4 f6 36. Bh5+ Kf8 37. Bc5 Bd7 38. Kf2 g5 39. Ke3 e5 40. fxe5 fxe5 41. Be2 Kf7 42. Kd2 Kf6 43. h3 Bxh3 44. g4 Ke6 45. Ke1 d4 46. Kf2 h5 47. gxh5 Bf5 48. h6 Kf6 49. Bh5 Ke6 50. Be8 Kf6 51. Bc6 Ke6 52. Be8 Kf6 53. d7 Bxd7 54. Bxd7 Kg6 55. Bf8 1-0

[Event "Brandenburg Seniors op 12th"]
[White "Joch, Horst"]
[Black "Matthies, Wolfgang"]
[Site "Rowy"]
[Round "8"]
[Result "1-0"]
[Date "2003.06.24"]
[WhiteElo "1697"]
[BlackElo "1692"]
[PlyCount "83"]
[EventDate "2003.06.??"]
[EventType "swiss"]
[EventRounds "9"]
[EventCountry "POL"]
[SourceTitle "EXT 2006"]
[Source "ChessBase"]
[SourceDate "2005.11.24"]
[SourceVersion "1"]
[SourceVersionDate "2005.11.24"]
[SourceQuality "1"]

1. e4 c5 2. Nf3 e6 3. d4 cxd4 4. Nxd4 Nf6 5. Bd3 a6 6. c3 e5 7. Ne2 d6 8. h3 Be6 9. c4 Be7 10. Nbc3 0-0 11. Be3 Nfd7 12. Qc2 Nc6 13. a3 Rc8 14. 0-0 b5 15. cxb5 axb5 16. Bxb5 f5 17. exf5 Bxf5 18. Bd3 Bxd3 19. Qxd3 Nf6 20. Rad1 Qe8 21. f4 exf4 22. Bxf4 Ne5 23. Bxe5 dxe5 24. Ne4 Qc6 25. Nxf6+ Bxf6 26. Qc3 Qc4 27. Qxc4+ Rxc4 28. Rc1 Rcc8 29. Rxc8 Rxc8 30. Rc1 Rd8 31. Rc2 Kf7 32. Kf2 Ke6 33. a4 Kf5 34. b4 Ke4 35. a5 Bh4+ 36. g3 Rf8+ 37. Kg2 Be7 38. Nc1 Kd4 39. b5 e4 40. b6 Bd6 41. b7 Rf3 42. Rd2+ 1-0

[Event "Brandenburg Seniors op 12th"]
[White "Joch, Horst"]
[Black "Mueller, Klaus2"]
[Site "Rowy"]
[Round "3"]
[Result "0-1"]
[Date "2003.06.19"]
[WhiteElo "1697"]
[BlackElo "1994"]
[PlyCount "65"]
[EventDate "2003.06.??"]
[EventType "swiss"]
[EventRounds "9"]
[EventCountry "POL"]
[SourceTitle "EXT 2006"]
[Source "ChessBase"]
[SourceDate "2005.11.24"]
[SourceVersion "1"]
[SourceVersionDate "2005.11.24"]
[SourceQuality "1"]

1. e4 c5 2. Nf3 d6 3. d4 cxd4 4. Nxd4 Nf6 5. Nc3 a6 6. h3 Qc7 7. Bd3 e6 8. Qf3 Nbd7 9. 0-0 Ne5 10. Qe2 Be7 11. Be3 0-0 12. Rac1 b5 13. f4 Nc6 14. Nxc6 Qxc6 15. e5 Nd5 16. Nxd5 Qxd5 17. c4 bxc4 18. Rxc4 Qa5 19. b4 Qd8 20. exd6 Bxd6 21. Be4 Rb8 22. Rd1 Qe7 23. Rxd6 Qxd6 24. Bc5 Qd8 25. Rd4 Qf6 26. Bxh7+ Kxh7 27. f5 Rd8 28. Qh5+ Kg8 29. Rxd8+ Qxd8 30. fxe6 Bxe6 31. Qe5 Bxa2 32. Bd4 f6 33. Qg3 0-1

[Event "Wch Seniors 12th"]
[White "Blaushtain, Boris"]
[Black "Joch, Horst"]
[Site "Naumburg"]
[Round "7"]
[Result "1-0"]
[Date "2002.10.29"]
[WhiteElo "2157"]
[BlackElo "1654"]
[PlyCount "51"]
[EventDate "2002.10.21"]
[EventType "swiss"]
[EventRounds "11"]
[EventCountry "GER"]
[SourceTitle "EXT 2006"]
[Source "ChessBase"]
[SourceDate "2005.11.24"]
[SourceVersion "1"]
[SourceVersionDate "2005.11.24"]
[SourceQuality "1"]

1. c4 e6 2. d4 d5 3. Nc3 c6 4. e4 dxe4 5. Nxe4 Bb4+ 6. Nc3 Ne7 7. a3 Ba5 8. Nf3 Ng6 9. Bd3 Bc7 10. 0-0 Nh4 11. Be3 Nd7 12. Re1 Nxf3+ 13. Qxf3 Qf6 14. Qe2 Qe7 15. Rad1 Nf6 16. Bb1 h6 17. d5 cxd5 18. cxd5 a6 19. Qd3 Qd6 20. g3 0-0 21. Bd4 Re8 22. Bxf6 gxf6 23. Qh7+ Kf8 24. dxe6 Rxe6 25. Be4 Qb6 26. Nd5 1-0

[Event "Wch Seniors 12th"]
[White "Kahn, Peter"]
[Black "Joch, Horst"]
[Site "Naumburg"]
[Round "3"]
[Result "1/2-1/2"]
[Date "2002.10.23"]
[WhiteElo "1939"]
[BlackElo "1654"]
[PlyCount "40"]
[EventDate "2002.10.21"]
[EventType "swiss"]
[EventRounds "11"]
[EventCountry "GER"]
[SourceTitle "EXT 2006"]
[Source "ChessBase"]
[SourceDate "2005.11.24"]
[SourceVersion "1"]
[SourceVersionDate "2005.11.24"]
[SourceQuality "1"]

1. d4 e6 2. Nf3 d5 3. e3 c5 4. c3 Bd7 5. Bd3 Nf6 6. Nbd2 Nc6 7. 0-0 cxd4 8. exd4 Be7 9. Re1 0-0 10. Nf1 a6 11. Ng3 Ne8 12. Bf4 Bd6 13. Bxd6 Nxd6 14. Ne5 h6 15. Qg4 Be8 16. h4 f5 17. Qf4 g5 18. hxg5 hxg5 19. Qd2 Ne4 20. Bxe4 fxe4 1/2-1/2

[Event "Wch Seniors 12th"]
[White "Joch, Horst"]
[Black "Scheide, Helmut"]
[Site "Naumburg"]
[Round "2"]
[Result "1/2-1/2"]
[Date "2002.10.22"]
[WhiteElo "1654"]
[BlackElo "2014"]
[PlyCount "72"]
[EventDate "2002.10.21"]
[EventType "swiss"]
[EventRounds "11"]
[EventCountry "GER"]
[SourceTitle "EXT 2006"]
[Source "ChessBase"]
[SourceDate "2005.11.24"]
[SourceVersion "1"]
[SourceVersionDate "2005.11.24"]
[SourceQuality "1"]

1. e4 e5 2. Nf3 Nc6 3. Bc4 Nf6 4. Ng5 d5 5. exd5 Na5 6. Bb5+ c6 7. dxc6 bxc6 8. Bd3 Nd5 9. Ne4 Nf4 10. Bf1 f5 11. Nec3 Bc5 12. d3 Ng6 13. Qe2 0-0 14. Be3 Bd4 15. Na4 Re8 16. c3 Bxe3 17. Qxe3 e4 18. d4 f4 19. Qe2 e3 20. f3 Be6 21. Na3 Nb7 22. b3 c5 23. Nc2 Qh4+ 24. Kd1 Rac8 25. Kc1 Red8 26. Kb2 Qf6 27. Rd1 cxd4 28. Nxd4 Bd7 29. Nb5 a6 30. Rxd7 Rxd7 31. Nd4 Rxd4 32. cxd4 Qxd4+ 33. Kb1 Ne5 34. Nb2 Nc5 35. Qd1 Qc3 36. Be2 h6 1/2-1/2

[Event "Wch Seniors 12th"]
[White "Schlag, Franz"]
[Black "Joch, Horst"]
[Site "Naumburg"]
[Round "1"]
[Result "1-0"]
[Date "2002.10.21"]
[WhiteElo "2155"]
[BlackElo "1654"]
[PlyCount "69"]
[EventDate "2002.10.21"]
[EventType "swiss"]
[EventRounds "11"]
[EventCountry "GER"]
[SourceTitle "EXT 2006"]
[Source "ChessBase"]
[SourceDate "2005.11.24"]
[SourceVersion "1"]
[SourceVersionDate "2005.11.24"]
[SourceQuality "1"]

1. e4 e6 2. Nf3 d5 3. e5 c5 4. b4 Bd7 5. bxc5 Bxc5 6. d4 Be7 7. Bd3 Nc6 8. c3 Rc8 9. 0-0 b5 10. Qe2 b4 11. Bd2 bxc3 12. Nxc3 Nb4 13. Rab1 Nxd3 14. Qxd3 Ra8 15. Qa6 Bc8 16. Qc6+ Bd7 17. Qb7 Qc8 18. Rfc1 Qxb7 19. Rxb7 Bd8 20. Nb5 Bxb5 21. Rxb5 Ne7 22. a4 0-0 23. Bb4 Re8 24. g4 Nc8 25. a5 Be7 26. Bc5 h6 27. Rb7 Kf8 28. Nd2 Bxc5 29. dxc5 Ne7 30. c6 Reb8 31. a6 d4 32. Ne4 Nd5 33. Nd6 Nc3 34. Kf1 Rd8 35. c7 1-0

[Event "Brandenburg-ch Seniors 09th"]
[White "Miechowicz, Witold"]
[Black "Joch, Horst"]
[Site "Rowy"]
[Round "5"]
[Result "1-0"]
[Date "2001.06.22"]
[WhiteElo "2075"]
[BlackElo "1606"]
[PlyCount "47"]
[EventDate "2001.06.??"]
[EventType "swiss"]
[EventRounds "7"]
[EventCountry "POL"]
[SourceTitle "EXT 2006"]
[Source "ChessBase"]
[SourceDate "2005.11.24"]
[SourceVersion "1"]
[SourceVersionDate "2005.11.24"]
[SourceQuality "1"]

1. e4 e6 2. d4 d5 3. Nc3 Bb4 4. Nge2 dxe4 5. a3 Bxc3+ 6. Nxc3 Ne7 7. Nxe4 0-0 8. Bc4 Nd7 9. 0-0 Ng6 10. Bg5 Qe8 11. Re1 Nb6 12. Bb3 Kh8 13. Qh5 f6 14. Bd2 e5 15. Bb4 Nf4 16. Qf3 Qg6 17. Bxf8 Bg4 18. Qg3 Rxf8 19. f3 Bf5 20. Qxg6 Nxg6 21. Rad1 Nd7 22. Ng3 Ne7 23. Nxf5 Nxf5 24. Be6 1-0